00299nam a2200097Ia 45000010005000000080041000050820025000461000050000712450055001212600025001762600241024s9999 xx 000 0 und d aRD/342.02/R426c/1997 aRepública Dominicana. Cámara de Diputados 0aConstitución de la República Dominicana (1994) bEd. de Coloresc1997